Motif-index of folk literature / (Record no. 8069)
[ view plain ]
| 000 -LEADER | |
|---|---|
| fixed length control field | 01728cam a2200385I 4500 |
| 001 - CONTROL NUMBER | |
| control field | 8069 |
| 003 - CONTROL NUMBER IDENTIFIER | |
| rucl marc code | BD-RjUL |
| 005 - DATE AND TIME OF LATEST TRANSACTION | |
| control field | 20211208234523.0 |
| 008 - FIXED-LENGTH DATA ELEMENTS--GENERAL INFORMATION | |
| fixed length control field | 050922s2004 vau sb 000 0 eng d |
| 035 ## - SYSTEM CONTROL NUMBER | |
| System control number | (OCoLC)ocm54541804 |
| System control number | (NNC)5434249 |
| 040 ## - CATALOGING SOURCE | |
| Original cataloging agency | CUY |
| Transcribing agency | CUY |
| Modifying agency | OCLCQ |
| -- | NNC |
| Language of cataloging | eng |
| 041 ## - LANGUAGE CODE | |
| Language code of text/sound track or separate title | eng |
| 082 ## - DEWEY DECIMAL CLASSIFICATION NUMBER | |
| Classification number | 398 |
| Author mark and year | THM 1958 |
| 100 1# - MAIN ENTRY--PERSONAL NAME | |
| Personal name | Thompson, Stith, |
| Dates associated with a name | 1885-1976. |
| 9 (RLIN) | 25161 |
| 245 10 - TITLE STATEMENT | |
| Title | Motif-index of folk literature / |
| Name of part/section of a work | VOLUME SIX INDEX |
| 260 ## - PUBLICATION, DISTRIBUTION, ETC. (IMPRINT) | |
| Place of publication, distribution, etc. | Charlottesville, Va. : |
| Name of publisher, distributor, etc. | InteLex Corp., |
| Date of publication, distribution, etc. | 1958. |
| 300 ## - PHYSICAL DESCRIPTION | |
| Pagination | 891 p.: |
| Illustrations | ; |
| Size | 26 cm. |
| 490 1# - SERIES STATEMENT | |
| Series statement | InteLex Past Masters |
| 500 ## - GENERAL NOTE | |
| General note | Title from home page (viewed Mar. 5, 2004). |
| 506 ## - RESTRICTIONS ON ACCESS NOTE | |
| Terms governing access | This resource is available only to current faculty, staff and students of Columbia University. |
| Institution to which field applies | NNC |
| 520 ## - SUMMARY, ETC. | |
| Summary, etc. | "This database is an electronic edition of the Motif-Index of Folk-Literature, revised and enlarged by Stith Thompson, (Bloomington: Indiana University Press, 1955)"--Pref. |
| 534 ## - ORIGINAL VERSION NOTE | |
| Introductory phrase | Based on: |
| Title statement of original | Motif-index of folk-literature: a classification of narrative elements in folktales, ballads, myths, fables, mediaeval romances, exempla, fabliaux, jest-books, and local legends. |
| Publication, distribution, etc. of original | Bloomington, Ind. : Indiana University Press, [1955-58]. |
| 650 #0 - SUBJECT ADDED ENTRY--TOPICAL TERM | |
| Topical term or geographic name as entry element | Folklore |
| General subdivision | Classification. |
| 9 (RLIN) | 25162 |
| Topical term or geographic name as entry element | Folk literature |
| Form subdivision | Classification. |
| 9 (RLIN) | 25163 |
| Topical term or geographic name as entry element | Folk literature |
| General subdivision | Themes, motives. |
| 9 (RLIN) | 25164 |
| Topical term or geographic name as entry element | Folk literature |
| Form subdivision | Bibliography. |
| 9 (RLIN) | 25165 |
| 710 2# - ADDED ENTRY--CORPORATE NAME | |
| Corporate name or jurisdiction name as entry element | InteLex Corporation. |
| 9 (RLIN) | 25167 |
| 830 #0 - SERIES ADDED ENTRY--UNIFORM TITLE | |
| Uniform title | Past masters (InteLex Corporation) |
| 856 40 - ELECTRONIC LOCATION AND ACCESS | |
| Uniform Resource Identifier | <a href="http://www.columbia.edu/cgi-bin/cul/resolve?clio5434249">http://www.columbia.edu/cgi-bin/cul/resolve?clio5434249</a> |
| 942 ## - ADDED ENTRY ELEMENTS (KOHA) | |
| Source of classification or shelving scheme | Dewey Decimal Classification |
| Koha item type | Books |
| 967 ## - ADDITIONAL ESTC CODES (RLIN) | |
| GNR (RLIN) | 1186 |
| Lost status | Source of classification or shelving scheme | Materials specified (bound volume or other part) | Damaged status | Not for loan | Collection code | Permanent Location | Current Location | Shelving location | Date acquired | Source of acquisition | Cost, normal purchase price | Total Checkouts | Full call number | Date last seen | Date checked out | Copy number | Koha item type |
|---|---|---|---|---|---|---|---|---|---|---|---|---|---|---|---|---|---|
| Dewey Decimal Classification | V-6 | Non-fiction | Central Library, University of Rajshahi | Central Library, University of Rajshahi | 01/06/1964 | Zeitlinger | 108.00 | 1 | 398 THM 1958 | 04/03/2024 | 09/11/2023 | C-6 | Books |